000 00472nam a2200169Ia 4500
008 230917s9999||||xx |||||||||||||| ||und||
020 _cRS895
040 _e245612
_aMAIN
041 _aEnglish
082 _a341.23 C456S
100 _aChaurasia, Radheyshyam
245 0 _aSanyukta Rashtra Sangh
260 _aNew Delhi
_bAtlantic Publishers and Distributors
_c2002
300 _aiv, 552 p.
500 _a3034 01/02/2018 HBD18/7318 06/03/2018 Main Budget
942 _cBK
999 _c25845
_d25845